<?xml version="1.0" encoding="UTF-8"?>
<record
    xmlns:xsi="http://www.w3.org/2001/XMLSchema-instance"
    xsi:schemaLocation="http://www.loc.gov/MARC21/slim http://www.loc.gov/standards/marcxml/schema/MARC21slim.xsd"
    xmlns="http://www.loc.gov/MARC21/slim">

  <leader>01056nam a2200253Ia 4500</leader>
  <controlfield tag="003">OSt</controlfield>
  <controlfield tag="005">20241011113430.0</controlfield>
  <controlfield tag="008">200731s9999    xx            000 0 und d</controlfield>
  <datafield tag="020" ind1=" " ind2=" ">
    <subfield code="a">7501234086</subfield>
  </datafield>
  <datafield tag="020" ind1=" " ind2=" ">
    <subfield code="a">9787501234080</subfield>
  </datafield>
  <datafield tag="040" ind1=" " ind2=" ">
    <subfield code="c">0</subfield>
  </datafield>
  <datafield tag="041" ind1=" " ind2=" ">
    <subfield code="a">chi</subfield>
  </datafield>
  <datafield tag="050" ind1=" " ind2=" ">
    <subfield code="a">B128.C8</subfield>
    <subfield code="b">.C35 2009 </subfield>
  </datafield>
  <datafield tag="100" ind1=" " ind2=" ">
    <subfield code="a">&#x8521;&#x5FB7;&#x8D35;</subfield>
  </datafield>
  <datafield tag="245" ind1=" " ind2=" ">
    <subfield code="a">&#x5B54;&#x5B50; vs &#x57FA;&#x7763;</subfield>
    <subfield code="b"> /</subfield>
    <subfield code="c">&#x8521;&#x5FB7;&#x8D35;</subfield>
  </datafield>
  <datafield tag="246" ind1=" " ind2=" ">
    <subfield code="a">&#x5B54;&#x5B50; vs &#x57FA;&#x7763;</subfield>
  </datafield>
  <datafield tag="260" ind1=" " ind2=" ">
    <subfield code="a">&#x5317;&#x4EAC;:</subfield>
    <subfield code="b">&#x4E16;&#x754C;&#x77E5;&#x8BC6;&#x51FA;&#x7248;&#x793E;,</subfield>
    <subfield code="c">2009</subfield>
  </datafield>
  <datafield tag="300" ind1=" " ind2=" ">
    <subfield code="a">265 p. :</subfield>
    <subfield code="b">ill. ;</subfield>
    <subfield code="c">24 cm.</subfield>
  </datafield>
  <datafield tag="505" ind1=" " ind2=" ">
    <subfield code="a">&#x4E00;&#x3001;&#x89E3;&#x9898;
&#x4E8C;&#x3001;&#x4E1C;&#x897F;&#x4E24;&#x5723;&#x4EBA;
&#x4E09;&#x3001;&#x5B54;&#x5B50;&#x7684;&#x601D;&#x60F3;&#x4E16;&#x7CFB;&#x548C;&#x57FA;&#x7763;&#x7684;&#x4FE1;&#x5F92;
&#x56DB;&#x3001;&#x5B54;&#x5B50;&#x7684;&#x4FEE;&#x8EAB;&#x548C;&#x57FA;&#x7763;&#x7684;&#x6551;&#x8D4E;
&#x4E94;&#x3001;&#x300A;&#x8BBA;&#x8BED;&#x300B;&#x548C;&#x300A;&#x5723;&#x7ECF;&#x300B;
&#x516D;&#x3001;&#x5B54;&#x5B50;&#x7684;&#x4EC1;&#x7231;&#x548C;&#x57FA;&#x7763;&#x7684;&#x535A;&#x7231;
&#x4E03;&#x3001;&#x5B54;&#x5B50;&#x7684;&#x5927;&#x540C;&#x548C;&#x57FA;&#x7763;&#x7684;&#x5929;&#x5802;
&#x516B;&#x3001;&#x5B54;&#x5B50;&#x7684;&#x5929;&#x548C;&#x57FA;&#x7763;&#x7684;&#x4E0A;&#x5E1D;
&#x4E5D;&#x3001;&#x5B54;&#x5B50;&#x7684;&#x7B77;&#x5B50;&#x548C;&#x57FA;&#x7763;&#x7684;&#x5200;&#x53C9;
&#x5341;&#x3001;&#x897F;&#x65B9;&#x4EBA;&#x773C;&#x4E2D;&#x7684;&#x5B54;&#x5B50;&#x548C;&#x5112;&#x5BB6;&#x57FA;&#x7763;&#x5F92;&#x7684;&#x51FA;&#x73B0;</subfield>
  </datafield>
  <datafield tag="650" ind1=" " ind2=" ">
    <subfield code="a">Christianity and other religions Confucianism.</subfield>
  </datafield>
  <datafield tag="650" ind1=" " ind2=" ">
    <subfield code="a">Confucianism Relations Christianity.</subfield>
  </datafield>
  <datafield tag="650" ind1=" " ind2=" ">
    <subfield code="a">Interfaith relations.</subfield>
  </datafield>
  <datafield tag="942" ind1=" " ind2=" ">
    <subfield code="2">ddc</subfield>
    <subfield code="c">CB</subfield>
  </datafield>
  <datafield tag="952" ind1=" " ind2=" ">
    <subfield code="0">0</subfield>
    <subfield code="1">0</subfield>
    <subfield code="4">0</subfield>
    <subfield code="7">0</subfield>
    <subfield code="a">GETS</subfield>
    <subfield code="b">GETS</subfield>
    <subfield code="c">GEN</subfield>
    <subfield code="d">2020-07-09</subfield>
    <subfield code="l">0</subfield>
    <subfield code="o">B128.C8 .C35 2009&#xA0;</subfield>
    <subfield code="p">00000082</subfield>
    <subfield code="r">2020-07-09 00:00:00</subfield>
    <subfield code="w">2020-07-09</subfield>
    <subfield code="y">CB</subfield>
  </datafield>
  <datafield tag="999" ind1=" " ind2=" ">
    <subfield code="c">82</subfield>
    <subfield code="d">82</subfield>
  </datafield>
</record>
